The internet : (Record no. 13521)

MARC details
000 -LEADER
fixed length control field 00887nam a22002177a 4500
008 - FIXED-LENGTH DATA ELEMENTS--GENERAL INFORMATION
fixed length control field 100228t xxu||||| |||| 00| 0 eng d
020 ## - INTERNATIONAL STANDARD BOOK NUMBER
International Standard Book Number 9781439078822
020 ## - INTERNATIONAL STANDARD BOOK NUMBER
International Standard Book Number 1439078823
082 ## - DEWEY DECIMAL CLASSIFICATION NUMBER
Edition number 22
Classification number 004.678
Item number SCH
100 ## - MAIN ENTRY--PERSONAL NAME
Personal name Schneider, Gary P.,
Numeration 1952-
9 (RLIN) 11950
245 ## - TITLE STATEMENT
Title The internet :
Remainder of title illustrated /
Statement of responsibility, etc Gary P. Schneider, Jessica Evans, Katherine T. Pinard.
250 ## - EDITION STATEMENT
Edition statement 5th ed.
Remainder of edition statement International ed.
260 ## - PUBLICATION, DISTRIBUTION, ETC. (IMPRINT)
Place of publication, distribution, etc Australia ;
-- United kingdom :
Name of publisher, distributor, etc Course Technology Cengage Learning,
Date of publication, distribution, etc c2009.
300 ## - PHYSICAL DESCRIPTION
Extent xv, 271 p. :
Other physical details col. ill. ;
Dimensions 28 cm.
440 ## -
-- ( Illustrated series)
-- 11951
500 ## - GENERAL NOTE
General note Includes Index.
500 ## - GENERAL NOTE
General note International ed.
650 ## - SUBJECT ADDED ENTRY--TOPICAL TERM
Topical term or geographic name as entry element Internet.
9 (RLIN) 11952
942 ## - ADDED ENTRY ELEMENTS (KOHA)
Source of classification or shelving scheme Dewey Decimal Classification
Item type Book - Borrowing
Holdings
Withdrawn status Item status Source of classification or shelving scheme Damaged status Not for loan Vendor Home library Current library Shelving location Date acquired Source of acquisition Cost, normal purchase price Serial Enumeration / chronology Total Checkouts Full call number Barcode Date last seen Koha item type
    Dewey Decimal Classification     Alahram Central Library Central Library Lower Floor 28/02/2010   258.50 33   004.678 SCH 000019860 15/07/2025 Book - Borrowing